Wszyscy zawodnicy z kartami TOTY w FIFIE/EA FC - Statystyki

Ogólne statystyki
  • Ten quiz został rozwiązany 88 razy
  • Średni wynik to 139 z 194
Statystyki odpowiedzi
FIFA Pozycja Zawodnik % Poprawnych
PS | LS | N Cristiano Ronaldo
97%
PS | N | PS | ŚN Lionel Messi
97%
N Robert Lewandowski
89%
N | PS Kylian Mbappé
87%
ŚP Luka Modrić
86%
ŚO Virgil van Dijk
86%
PO Daniel Carvajal
84%
22 BR Gianluigi Donnarumma
84%
23 BR Thibaut Courtois
84%
LS Neymar
83%
PO | ŚO Sergio Ramos
83%
LS | ŚP Andrés Iniesta
81%
LS Vinícius Júnior
81%
20 | 24 BR Alisson
79%
14 | 15 | 16 | +2 others BR Manuel Neuer
79%
PS Mohamed Salah
79%
ŚP | ŚPO Jude Bellingham
78%
ŚPD Rodri
78%
ŚP | ŚPD Xavi
78%
PO Dani Alves
75%
ŚN Karim Benzema
75%
ŚP | ŚPO Kevin De Bruyne
73%
LO Marcelo
73%
N Luis Suárez
70%
ŚP | ŚPD N'golo Kante
70%
25 BR Emiliano Martínez
68%
N Erling Haaland
68%
ŚO Gerard Pique
68%
09 | 10 | 11 | +2 others BR Iker Casillas
67%
ŚP Toni Kroos
67%
PO Trent Alexander-Arnold
67%
RWB Jeremie Frimpong
63%
LO Andrew Robertson
60%
ŚO Carles Puyol
60%
N Harry Kane
60%
PO Philipp Lahm
59%
ŚO Raphaël Varane
59%
LS Sadio Mané
59%
PO Achraf Hakimi
57%
LO Álex Grimaldo
57%
18 | 19 BR David de Gea
56%
ŚO Leonardo Bonucci
56%
ŚO William Saliba
56%
ŚO Rúben Dias
54%
LB | LO Théo Hernandez
54%
ŚO Thiago Silva
54%
LP | PS Arjen Robben
52%
ŚPD Joshua Kimmich
52%
LP Franck Ribéry
51%
ŚP Paul Pogba
49%
ŚPO Cole Palmer
48%
ŚP Jorginho
48%
N Zlatan Ibrahimović
48%
LO Alphonso Davies
44%
N Fernando Torres
44%
ŚO Éder Militão
43%
PP Gareth Bale
41%
N Wayne Rooney
41%
ŚPO Bruno Fernandes
38%
ŚO Marquinhos
38%
ŚPO Steven Gerrard
38%
ŚPO Kaká
37%
ŚPO Ángel Di María
35%
ŚP Frenkie de Jong
35%
LO João Cancelo
35%
ŚO David Luiz
33%
N Radamel Falcao
33%
ŚO Matthijs de Ligt
32%
ŚO John Terry
30%
ŚO Nemanja Vidić
30%
ŚP Wesley Sneijder
30%
ŚP Xabi Alonso
30%
ŚO Rio Ferdinand
29%
LO Ashley Cole
17%
PO Maicon
13%
Nie znaleziono quizów pasujących do podanych kryteriów
Rozkład punktacji
Procent ludzi z każdym wynikiem
Percentyl według liczby udzielonych odpowiedzi
Twoja historia wyników
Nie rozwiązałeś tego quizu